000
00338nam a2200133Ia 4500
008
240624s9999 xx 000 0 und d
041
_a
eng
082
_a
006.7 RAO
100
_a
ROA K R
245
_a
MULTIMEDIA COMMUNICATION SYSTEMS TECHNIQ
260
_c
2004
_a
Delhi
_b
Pearson Education
300
_a
xxvi, : 545 : cm. ; 25
365
_c
RS
999
_c
1835
_d
1835